Music Quiz

Random Music or Album Quiz

Top 10 Posthumous Albums Quiz Stats

Quiz not verified by Sporcle

Challenge
Share
Tweet
Embed
Score 0/10 Timer 08:00
0 Plays Today
Rank Album % Correct
1This Is It
68.3%
8Unplugged in New York
50.8%
10Pearl
47.6%
5Life After Death
44.4%
9Milk and Honey
38.1%
4American V
23.8%
6Genius Loves Company
23.8%
3Dreaming of You
15.9%
7The Don Killuminati
11.1%
2Love Man
3.2%

You're not logged in!

Compare scores with friends on all Sporcle quizzes.
Sign Up with Email
OR
Log In

You Might Also Like...

Show Comments

Extras

Top Quizzes Today


Score Distribution

Your Account Isn't Verified!

In order to create a playlist on Sporcle, you need to verify the email address you used during registration. Go to your Sporcle Settings to finish the process.